书目信息 |
| 题名: |
全国一级建造师考试教材精编
|
|
| 作者: | 《全国一级建造师考试教材精编》编委会编 | |
| 分册: | 专业工程管理与实务(公路工程) | |
| 出版信息: | 天津 天津科学技术出版社 2018 |
|
| 页数: | 218页 | |
| 开本: | 26cm | |
| 丛书名: | ||
| 单 册: | ||
| 中图分类: | TU-42 | |
| 科图分类: | ||
| 主题词: | 建筑师--资格考试--自学参考资料 , 道路工程--资格考试--自学参考资料 | |
| 电子资源: | ||
| ISBN: | 978-7-5576-3362-2 | |
| 000 | 00871nam0 2200229 45 | |
| 001 | 012001003514 | |
| 005 | 20140102102104.0 | |
| 010 | @a978-7-5576-3362-2@dCNY159.00 | |
| 100 | @a20171222d2017 em y0chiy50 ea | |
| 101 | 0 | @achi |
| 102 | @aCN@b120000 | |
| 105 | @ak z 000yy | |
| 106 | @ar | |
| 200 | 1 | @a全国一级建造师考试教材精编@9quan guo yi ji jian zao shi kao shi jiao cai jing bian@i专业工程管理与实务(公路工程)@f《全国一级建造师考试教材精编》编委会编 |
| 210 | @a天津@c天津科学技术出版社@d2018 | |
| 215 | @a218页@d26cm | |
| 330 | @a本书分为公路工程施工技术、公路工程项目施工管理、公路工程项目施工相关法规与标准三部分,包括路基工程、路面工程、公路桥梁工程、隧道工程等。 | |
| 606 | 0 | @a建筑师@x资格考试@j自学参考资料 |
| 606 | 0 | @a道路工程@x资格考试@j自学参考资料 |
| 690 | @aTU-42@v5 | |
| 801 | 0 | @aCN@b北京卓展@c20191020 |
| 905 | @b1211934-6@dTU-42@e904@f3 | |
| 全国一级建造师考试教材精编.专业工程管理与实务(公路工程)/《全国一级建造师考试教材精编》编委会编.-天津:天津科学技术出版社,2018 |
| 218页;26cm |
| ISBN 978-7-5576-3362-2:CNY159.00 |
| 本书分为公路工程施工技术、公路工程项目施工管理、公路工程项目施工相关法规与标准三部分,包括路基工程、路面工程、公路桥梁工程、隧道工程等。 |
| ● |
| 相关链接 |
|
|
|
|
正题名:全国一级建造师考试教材精编
索取号:TU-42/904
 
预约/预借
| 序号 | 登录号 | 条形码 | 馆藏地/架位号 | 状态 | 备注 |
| 1 | 1211934 | 212119349 | 第二样本阅览室/ [索取号:TU-42/904] | 在馆 | |
| 2 | 1211935 | 212119358 | 第三借阅区/ [索取号:TU-42/904] | 在馆 | |
| 3 | 1211936 | 212119367 | 第三借阅区/ [索取号:TU-42/904] | 在馆 |